| 000 | 00690nam a22002177a 4500 | ||
|---|---|---|---|
| 003 | 0 | ||
| 005 | 20240904093424.0 | ||
| 008 | 240904b xxu||||| |||| 00| 0 eng d | ||
| 020 | _a978-1-5264-4681-7 | ||
| 050 |
_aRC 537 _b.M87 2019 |
||
| 100 | _aMurphy, David | ||
| 245 |
_aPerson-centered experiential counselling for depression _cDavid Murphy |
||
| 250 | _aSecond edition | ||
| 260 |
_aLondon _bSage Publications _c2019 |
||
| 300 |
_ax, 233 pages ; _c24cm. |
||
| 504 | _aIncludes bibliographical references, glossary, and index. | ||
| 650 | _aClient-centered psychotherapy. | ||
| 650 | _aDepression, mental--treatment. | ||
| 650 | _aDepression--therapy. | ||
| 942 |
_2lcc _cBK |
||
| 999 |
_c366166 _d366166 |
||